Базы данных: учебник

Xehetasun bibliografikoak
Egile nagusia: Хомоненко А. Д.
Beste egile batzuk: Цыганков В. М. (редактор), Мальцев М. Г.
Gaia:Рассматриваются понятия баз данных и варианты их архитектуры. Дается характеристика моделей представления данных, рассматриваются реляционная модель данных и проектирования реляционных баз данных, CASE-системы, защита и администрирование баз данных. Описывается технология разработки персональных баз данных и клиентской части распределенных баз данных с помощью СУБД Microsoft Access, Visual FoxPro и серверной части с помощью Microsoft SQL Server. Описываются основы публикации БД в Интернете, архитектура Web-приложений, интерфейсы CGI и ISAPI/NSAPI. Дается общая характеристика Web-серверов и средств публикации баз данных в Интернете. Рассматриваются технологии публикации баз данных с использованием XML и Microsoft Access. По каждому разделу приводятся контрольные вопросы и задания. Для студентов и слушателей высших учебных заведений, обучающихся по техническим и экономическим специальностям.
Исключено из фонда НТБ ТПУ
Hizkuntza:errusiera
Argitaratua: Санкт-Петербург, Корона принт, 2003
Edizioa:3-е изд., доп. и перераб.
Formatua: MixedMaterials Liburua
KOHA link:https://koha.lib.tpu.ru/cgi-bin/koha/opac-detail.pl?biblionumber=57068

MARC

LEADER 00000nam0a2200000 4500
001 57068
005 20231031054036.0
010 |a 5793101683 
035 |a (RuTPU)RU\TPU\book\60115 
090 |a 57068 
100 |a 20031021d2003 m y0rusy50 ca 
101 0 |a rus 
102 |a RU 
105 |a a j 001zy 
200 1 |a Базы данных  |e учебник  |f А. Д. Хомоненко, В. М. Цыганков, М. Г. Мальцев  |g под ред. А. Д. Хомоненко 
205 |a 3-е изд., доп. и перераб. 
210 |a Санкт-Петербург  |c Корона принт  |d 2003 
215 |a 666 с.  |c ил. 
320 |a Перечень терминов : с. 654-662 
330 |a Рассматриваются понятия баз данных и варианты их архитектуры. Дается характеристика моделей представления данных, рассматриваются реляционная модель данных и проектирования реляционных баз данных, CASE-системы, защита и администрирование баз данных. Описывается технология разработки персональных баз данных и клиентской части распределенных баз данных с помощью СУБД Microsoft Access, Visual FoxPro и серверной части с помощью Microsoft SQL Server. Описываются основы публикации БД в Интернете, архитектура Web-приложений, интерфейсы CGI и ISAPI/NSAPI. Дается общая характеристика Web-серверов и средств публикации баз данных в Интернете. Рассматриваются технологии публикации баз данных с использованием XML и Microsoft Access. По каждому разделу приводятся контрольные вопросы и задания. Для студентов и слушателей высших учебных заведений, обучающихся по техническим и экономическим специальностям. 
333 |a Исключено из фонда НТБ ТПУ 
451 1 |0 (RuTPU)RU\TPU\book\152451  |y 5-7931-0349-x  |t Базы данных  |o учебник для вузов  |f А. Д. Хомоненко, В. М. Цыганков, М. Г. Мальцев  |g Под ред. А. Д. Хомоненко  |e 6-е изд.  |c М.  |n Бином-Пресс  |c СПб.  |n Корона-Век  |d 2007  |p 736 с.  |a Хомоненко, Анатолий Дмитриевич 
451 1 |0 (RuTPU)RU\TPU\book\57852  |y 5-7931-0168-3  |t Базы данных  |o учебник для вузов  |f А. Д. Хомоненко, В. М. Цыганков, М. Г. Мальцев  |g Под ред. А. Д. Хомоненко  |e 2-е изд., доп. и перераб.  |c СПб.  |n Корона принт  |d 2002  |p 211 с.  |a Хомоненко, А. Д. 
675 |a 681.324.016  |v 3 
700 1 |a Хомоненко  |b А. Д. 
701 1 |a Цыганков  |b В. М. 
701 1 |a Мальцев  |b М. Г. 
702 1 |a Хомоненко  |b А. Д.  |4 340 
801 1 |a RU  |b 63413507  |c 20031021  |g PSBO 
801 2 |a RU  |b 63413507  |c 20220518  |g PSBO 
942 |c BK